000 00395nam a22001457a 4500
999 _c2312
_d2312
008 200221b ||||| |||| 00| 0 eng d
020 _a9788170355267
082 0 0 _a591.77890913
_bB6238
100 _91892
_aBiswas, K.P.
245 1 0 _aCorals of tropical oceans /
_cby K.P. Biswas.
260 _aDelhi,
_bDaya Publication:
_c2008.
300 _axi, 228 p.
650 0 _aAquatic Ecology
942 _cBK